00305 a2200109 450000500170000002000180001710000140003524500470004926000230009630000620011970000140018120250603091229.0 a9781483383521 aNECK, H.M aEntrepreneurship: The Practice and Mindset aLondonbSAGEc2018 axxx, 530p.: ill; graph, pictures, tables. bIndex,c28 cm aNECK, C.P